000 01484nam0a22002771 4500
001 rc\3123414
005 20260407135816.0
021 _aRU
_b76-43444
021 _aRU
_bРг14090-76
035 _a(NLR Aleph) 007281244
090 _a5511719
_c5511719
100 _a20120615g19751976|||y0rusy50 ca
101 0 _arus
102 _aRU
105 _ay z |||||
200 1 _aОрганизация и содержание воспитательной работы в условиях сельской школы
_eМатериалы Всесоюз. совещ. Науч. совета по обучению и воспитанию в сел. школе. 14-17 окт. 1975 г. в г. Пензе
_fПод ред. К.А. Ивановича [и др.]
_gАкад. пед. наук СССР. НИИ общей педагогики
210 _aМосква
_cБ. и.
_d1975 (вып. дан. 1976)
215 _a[2], 139 с.
_d21
702 1 _aИванович
_bК.А.
_gКорнелий Агафонович
_4340
712 0 2 _aНИИ общей педагогики
_cМосква
_3RU\NLR\AUTH\884544
_9280616
712 1 2 _aВсесоюзное совещание по проблеме "Организация и содержание воспитательной работы в условиях сельской школы"
_f1975
_eПенза
_3RU\NLR\AUTH\8810082443
_9667051
801 0 _aRU
_bNLR
_gpsbo
801 1 _aRU
_bELAR
_2rusmarc
852 _aNLR
_j76-3/7712
942 _cBOOK
980 _aNB